Shakespeare made fit : Restoration adaptations of Shakespeare /

Bibliographic Details
Other Authors: Clark, Sandra, 1941-
Format: Book
Language:English
Published: London : Rutland, VT : J.M. Dent ; Charles E. Tuttle, 1997.
Series:Everyman library
Subjects:

MARC

Tag First Indicator Second Indicator Subfields
LEADER 00000cam a2200000 a 4500
001 in00001402929
005 20151020053101.0
008 970829s1997 enka b 000 0 eng d
020 |a 0460877461 (pbk) :  |c $8.71 
035 |a (OCoLC)37549512 
035 |9 AHM6973AM 
040 |a YSM  |c YSM  |d TXA  |d UtOrBLW 
049 |a TXAM 
090 |a PR2877  |b .S845 1997 
245 0 0 |a Shakespeare made fit :  |b Restoration adaptations of Shakespeare /  |c selected and edited by Sandra Clark. 
264 1 |a London :  |b J.M. Dent ;  |a Rutland, VT :  |b Charles E. Tuttle,  |c 1997. 
300 |a lxxx, 543 pages :  |b illustrations ;  |c 21 cm. 
336 |a text  |b txt  |2 rdacontent 
337 |a unmediated  |b n  |2 rdamedia 
338 |a volume  |b nc  |2 rdacarrier 
490 0 |a Everyman library 
505 0 |a Sauny The Scot / John Lacy -- The tempest / John Dryden and William Davenant -- All for love / John Dryden -- King Lear / Nahum Tate -- Richard III / Colley Cibber --Extracts from Caius Marius / Thomas Otway. 
504 |a Includes bibliographical references. 
600 1 0 |a Shakespeare, William,  |d 1564-1616  |v Adaptations. 
700 1 |a Clark, Sandra,  |d 1941- 
948 |a c:pk 
999 |a MARS 
999 f f |s 7f6bb9bc-9954-33aa-94e9-67bde6e3c556  |i cb712809-8235-38d5-be75-8e102f8ceb33  |t 0 
952 f f |p normal  |a Texas A&M University  |b College Station  |c Sterling C. Evans Library  |d Evans: Library Stacks  |t 0  |e PR2877 .S845 1997  |h Library of Congress classification  |i unmediated -- volume  |m A14822486562 
998 f f |a PR2877 .S845 1997  |t 0  |l Evans: Library Stacks